OECD economic surveys : Japan; 1974

Сохранить в:
Библиографические подробности
Соавтор: Organisation for Economic Co-operation and Development
Формат:
Язык:Undetermined
Опубликовано: Paris Organisation for Economic Co-operation and Development 1974
Предметы:
Метки: Добавить метку
Нет меток, Требуется 1-ая метка записи!
Thư viện lưu trữ: Trung tâm Học liệu Trường Đại học Cần Thơ
LEADER 00523nam a2200169Ia 4500
001 CTU_84980
008 210402s9999 xx 000 0 und d
082 |a 330.952 
082 |b O.68/1974 
110 |a Organisation for Economic Co-operation and Development 
245 0 |a OECD economic surveys : 
245 0 |b Japan; 1974 
260 |a Paris 
260 |b Organisation for Economic Co-operation and Development 
260 |c 1974 
650 |a economic conditions 
980 |a Trung tâm Học liệu Trường Đại học Cần Thơ